[Event "European Women's Championship"]
[Site "Vysoke Tatry"]
[Date "2018.04.13"]
[Round "6"]
[White "Caglar, Sila"]
[Black "Worek, Joanna"]
[Result "1/2-1/2"]
[Board "52"]
[WhiteElo "2077"]
[WhiteTitle "WFM"]
[WhiteCountry "TUR"]
[WhiteFideId "6364063"]
[WhiteEloChange "6"]
[BlackElo "2295"]
[BlackTitle "WGM"]
[BlackCountry "CZE"]
[BlackFideId "1118080"]
[BlackEloChange "-6"]

1. e4 {[%clk 1:30:58]} c5 {[%clk 1:30:54]} 2. c4 {[%clk 1:31:22]} Nc6 {[%clk
1:31:06]} 3. Ne2 {[%clk 1:31:43]} Nd4 {[%clk 1:30:56]} 4. Nbc3 {[%clk 1:30:04]}
e6 {[%clk 1:27:35]} 5. d3 {[%clk 1:28:37]} Ne7 {[%clk 1:27:47]} 6. Nxd4 {[%clk
1:28:10]} cxd4 {[%clk 1:28:06]} 7. Ne2 {[%clk 1:28:27]} Nc6 {[%clk 1:27:25]} 8.
a3 {[%clk 1:28:14]} a5 {[%clk 1:17:17]} 9. g3 {[%clk 1:23:38]} a4 {[%clk
1:05:45]} 10. Bg2 {[%clk 1:22:41]} b5 {[%clk 1:05:53]} 11. O-O {[%clk 1:16:27]}
Ba6 {[%clk 1:06:09]} 12. e5 {[%clk 1:12:24]} Be7 {[%clk 0:52:21]} 13. cxb5 {[%clk
0:49:53]} Bxb5 {[%clk 0:52:46]} 14. f4 {[%clk 0:49:45]} O-O {[%clk 0:51:00]} 15.
g4 {[%clk 0:47:59]} d6 {[%clk 0:49:49]} 16. exd6 {[%clk 0:48:00]} Bxd6 {[%clk
0:48:48]} 17. Ng3 {[%clk 0:47:02]} f5 {[%clk 0:47:04]} 18. Qe2 {[%clk 0:45:15]}
Qd7 {[%clk 0:44:15]} 19. Bd2 {[%clk 0:39:36]} Rae8 {[%clk 0:39:33]} 20. Rae1
{[%clk 0:33:07]} Nb8 {[%clk 0:34:16]} 21. gxf5 {[%clk 0:26:36]} exf5 {[%clk
0:34:25]} 22. Bd5+ {[%clk 0:26:47]} Kh8 {[%clk 0:34:34]} 23. Be6 {[%clk 0:26:05]}
Qb7 {[%clk 0:28:21]} 24. Qf2 {[%clk 0:13:32]} Bxd3 {[%clk 0:24:01]} 25. Qxd4
{[%clk 0:13:36]} Bxf1 {[%clk 0:23:58]} 26. Kxf1 {[%clk 0:13:31]} Qb5+ {[%clk
0:22:07]} 27. Bc4 {[%clk 0:12:47]} Rxe1+ {[%clk 0:18:08]} 28. Bxe1 {[%clk
0:12:45]} Qc5 {[%clk 0:07:13]} 29. Qxc5 {[%clk 0:11:38]} Bxc5 {[%clk 0:07:42]}
30. Bc3 {[%clk 0:10:25]} Nc6 {[%clk 0:06:52]} 31. Bb5 {[%clk 0:09:36]} Nd4 {[%clk
0:06:25]} 32. Bxa4 {[%clk 0:09:33]} Ne6 {[%clk 0:06:43]} 33. Bd7 {[%clk 0:04:16]}
Nxf4 {[%clk 0:06:49]} 34. Nxf5 {[%clk 0:02:05]} Rf7 {[%clk 0:05:10]} 35. Bxg7+
{[%clk 0:00:44]} Kg8 {[%clk 0:05:01]} 36. Nh6+ {[%clk 0:00:56]} Kxg7 {[%clk
0:05:27]} 37. Nxf7 {[%clk 0:01:19]} Kxf7 {[%clk 0:05:54]} 38. b4 {[%clk 0:01:20]}
Bd4 {[%clk 0:05:06]} 39. a4 {[%clk 0:01:22]} Nd5 {[%clk 0:02:45]} 40. b5 {[%clk
0:31:28]} Bb6 {[%clk 0:32:45]} 41. Kg2 {[%clk 0:29:16]} Kf6 {[%clk 0:29:45]} 42.
Bc6 {[%clk 0:26:26]} Nc3 {[%clk 0:30:08]} 43. Kf3 {[%clk 0:26:21]} Nxa4 {[%clk
0:27:45]} 44. Be4 {[%clk 0:26:06]} h6 {[%clk 0:28:09]} 45. Bc6 {[%clk 0:25:09]}
Nc3 {[%clk 0:28:18]} 46. Bd7 {[%clk 0:24:39]} Kg5 {[%clk 0:28:23]} 47. Kg3 {[%clk
0:23:56]} Ne4+ {[%clk 0:26:26]} 48. Kf3 {[%clk 0:22:59]} Nc5 {[%clk 0:26:27]} 49.
Bc8 {[%clk 0:23:06]} Nd3 {[%clk 0:26:12]} 50. Kg3 {[%clk 0:22:32]} Bc7+ {[%clk
0:26:03]} 51. Kg2 {[%clk 0:22:38]} Kf4 {[%clk 0:26:28]} 52. Bd7 {[%clk 0:21:49]}
Ne1+ {[%clk 0:25:34]} 53. Kh3 {[%clk 0:16:01]} Kg5 {[%clk 0:21:06]} 54. Bc6
{[%clk 0:15:50]} Nc2 {[%clk 0:21:33]} 55. Kg2 {[%clk 0:11:42]} Ne3+ {[%clk
0:21:59]} 56. Kf3 {[%clk 0:10:58]} Nf1 {[%clk 0:21:32]} 57. h3 {[%clk 0:11:16]}
Nd2+ {[%clk 0:21:24]} 58. Kg2 {[%clk 0:11:29]} Kf4 {[%clk 0:21:33]} 59. Be8
{[%clk 0:09:15]} Nc4 {[%clk 0:21:46]} 60. h4 {[%clk 0:07:12]} Kg4 {[%clk
0:22:00]} 61. h5 {[%clk 0:06:45]} Nd6 {[%clk 0:22:10]} 62. Bg6 {[%clk 0:07:00]}
Nxb5 {[%clk 0:22:35]} 63. Be8 {[%clk 0:07:15]} Nd4 {[%clk 0:22:52]} 64. Bf7
{[%clk 0:07:23]} Ne2 {[%clk 0:23:04]} 65. Be8 {[%clk 0:06:59]} Nf4+ {[%clk
0:23:26]} 66. Kh1 {[%clk 0:05:19]} Kg3 {[%clk 0:23:50]} 67. Kg1 {[%clk 0:05:12]}
Ne2+ {[%clk 0:18:22]} 68. Kf1 {[%clk 0:05:25]} Nd4 {[%clk 0:18:44]} 69. Kg1
{[%clk 0:04:58]} Nf5 {[%clk 0:17:35]} 70. Kf1 {[%clk 0:04:47]} Bb6 {[%clk
0:17:59]} 71. Bg6 {[%clk 0:04:18]} Nd6 {[%clk 0:13:19]} 72. Ke2 {[%clk 0:04:08]}
Bf2 {[%clk 0:11:27]} 73. Bd3 {[%clk 0:03:31]} Nf7 {[%clk 0:10:03]} 74. Bg6 {[%clk
0:03:52]} Ne5 {[%clk 0:10:28]} 75. Be8 {[%clk 0:04:15]} Bb6 {[%clk 0:07:54]} 76.
Bb5 {[%clk 0:04:22]} Nf3 {[%clk 0:07:20]} 77. Be8 {[%clk 0:04:30]} Nd4+ {[%clk
0:07:44]} 78. Kd3 {[%clk 0:04:08]} Kf4 {[%clk 0:07:09]} 79. Bg6 {[%clk 0:04:14]}
Kf3 {[%clk 0:05:34]} 80. Be4+ {[%clk 0:04:20]} Kf2 {[%clk 0:05:01]} 81. Bg6
{[%clk 0:04:45]} Ne6 {[%clk 0:05:20]} 82. Ke4 {[%clk 0:03:36]} Kg3 {[%clk
0:05:23]} 83. Kf5 {[%clk 0:03:23]} Ng7+ {[%clk 0:05:00]} 84. Ke4 {[%clk 0:03:31]}
Kg4 {[%clk 0:05:20]} 85. Bf7 {[%clk 0:03:39]} Ba7 {[%clk 0:05:43]} 86. Bg6 {[%clk
0:03:49]} Ne6 {[%clk 0:05:55]} 87. Bf5+ {[%clk 0:04:12]} 1/2-1/2

[Event "European Women's Championship"]
[Site "Vysoke Tatry"]
[Date "2018.04.13"]
[Round "6"]
[White "Sedina, Elena"]
[Black "Huda, Maryana"]
[Result "1-0"]
[Board "53"]
[WhiteElo "2292"]
[WhiteTitle "IM"]
[WhiteCountry "ITA"]
[WhiteFideId "812153"]
[WhiteEloChange "6"]
[BlackElo "2161"]
[BlackTitle "WGM"]
[BlackCountry "UKR"]
[BlackFideId "14116553"]
[BlackEloChange "-6"]

1. e4 {[%clk 1:30:44]} c5 {[%clk 1:30:47]} 2. Nf3 {[%clk 1:31:08]} d6 {[%clk
1:30:50]} 3. Bb5+ {[%clk 1:30:33]} Nd7 {[%clk 1:30:43]} 4. O-O {[%clk 1:29:24]}
Nf6 {[%clk 1:30:36]} 5. d4 {[%clk 1:25:50]} cxd4 {[%clk 1:27:49]} 6. Qxd4 {[%clk
1:26:11]} e5 {[%clk 1:26:14]} 7. Qd3 {[%clk 1:26:19]} h6 {[%clk 1:25:32]} 8. c4
{[%clk 1:26:21]} Be7 {[%clk 1:24:13]} 9. Nc3 {[%clk 1:26:12]} O-O {[%clk
1:24:06]} 10. Bxd7 {[%clk 1:25:32]} Bxd7 {[%clk 1:24:23]} 11. b3 {[%clk 1:01:23]}
a6 {[%clk 1:13:00]} 12. a4 {[%clk 1:00:55]} b5 {[%clk 1:02:49]} 13. axb5 {[%clk
0:34:22]} axb5 {[%clk 1:02:31]} 14. Rxa8 {[%clk 0:34:48]} Qxa8 {[%clk 1:02:57]}
15. cxb5 {[%clk 0:35:13]} Rb8 {[%clk 1:02:20]} 16. Be3 {[%clk 0:18:41]} Qa5
{[%clk 0:51:25]} 17. b6 {[%clk 0:12:07]} Bc6 {[%clk 0:49:59]} 18. Nd2 {[%clk
0:09:06]} Nd7 {[%clk 0:36:36]} 19. Nc4 {[%clk 0:04:29]} Qb4 {[%clk 0:20:21]} 20.
Nd5 {[%clk 0:04:51]} Bxd5 {[%clk 0:20:39]} 21. Qxd5 {[%clk 0:05:16]} Qxb3 {[%clk
0:16:44]} 22. Qc6 {[%clk 0:05:41]} Rd8 {[%clk 0:14:01]} 23. Qc7 {[%clk 0:03:58]}
Qb4 {[%clk 0:09:16]} 24. b7 {[%clk 0:04:08]} Kf8 {[%clk 0:05:14]} 25. Nb6 {[%clk
0:03:36]} Nb8 {[%clk 0:00:44]} 26. Nd5 {[%clk 0:03:56]} 1-0

[Event "European Women's Championship"]
[Site "Vysoke Tatry"]
[Date "2018.04.13"]
[Round "6"]
[White "Prudnykova, Olga"]
[Black "Sucikova, Svetlana"]
[Result "0-1"]
[Board "54"]
[WhiteElo "2281"]
[WhiteTitle "WIM"]
[WhiteCountry "UKR"]
[WhiteFideId "14121093"]
[WhiteEloChange "-15"]
[BlackElo "2107"]
[BlackTitle "WFM"]
[BlackCountry "SVK"]
[BlackFideId "14923653"]
[BlackEloChange "15"]

1. e4 {[%clk 1:30:56]} c6 {[%clk 1:30:45]} 2. Nc3 {[%clk 1:31:18]} d5 {[%clk
1:30:27]} 3. Nf3 {[%clk 1:31:43]} Bg4 {[%clk 1:30:35]} 4. h3 {[%clk 1:32:07]}
Bxf3 {[%clk 1:30:47]} 5. Qxf3 {[%clk 1:32:34]} dxe4 {[%clk 1:31:06]} 6. Nxe4
{[%clk 1:32:45]} e6 {[%clk 1:31:10]} 7. d4 {[%clk 1:27:57]} Qxd4 {[%clk 1:21:02]}
8. Bd3 {[%clk 1:28:19]} Nd7 {[%clk 1:21:09]} 9. c3 {[%clk 1:23:27]} Qd5 {[%clk
1:20:35]} 10. Qg3 {[%clk 1:16:30]} Ngf6 {[%clk 1:19:00]} 11. Nxf6+ {[%clk
1:16:27]} Nxf6 {[%clk 1:19:05]} 12. O-O {[%clk 1:13:08]} Bd6 {[%clk 1:18:11]} 13.
c4 {[%clk 1:11:11]} Qe5 {[%clk 1:16:24]} 14. Qxe5 {[%clk 1:07:33]} Bxe5 {[%clk
1:16:47]} 15. Be3 {[%clk 1:07:25]} O-O {[%clk 1:15:19]} 16. f4 {[%clk 1:07:27]}
Bc7 {[%clk 1:11:31]} 17. g4 {[%clk 1:05:25]} Rfd8 {[%clk 1:11:17]} 18. Rad1
{[%clk 1:05:02]} Bb6 {[%clk 1:11:18]} 19. Kf2 {[%clk 1:05:22]} Bxe3+ {[%clk
1:05:49]} 20. Kxe3 {[%clk 1:05:47]} Kf8 {[%clk 1:03:02]} 21. Rd2 {[%clk 0:52:56]}
Rd7 {[%clk 1:00:14]} 22. g5 {[%clk 0:48:25]} Ne8 {[%clk 1:00:19]} 23. f5 {[%clk
0:36:02]} exf5 {[%clk 1:00:16]} 24. Bxf5 {[%clk 0:36:28]} Rxd2 {[%clk 0:59:48]}
25. Kxd2 {[%clk 0:36:54]} Nd6 {[%clk 0:54:11]} 26. Bd3 {[%clk 0:32:19]} Re8
{[%clk 0:54:27]} 27. Rf4 {[%clk 0:32:39]} Re5 {[%clk 0:54:49]} 28. h4 {[%clk
0:32:46]} g6 {[%clk 0:53:07]} 29. b4 {[%clk 0:32:51]} c5 {[%clk 0:53:15]} 30.
bxc5 {[%clk 0:28:30]} Rxc5 {[%clk 0:53:28]} 31. Kc3 {[%clk 0:27:22]} b6 {[%clk
0:53:05]} 32. Kd4 {[%clk 0:23:43]} Ke7 {[%clk 0:52:13]} 33. Rf2 {[%clk 0:22:04]}
Ra5 {[%clk 0:49:59]} 34. Re2+ {[%clk 0:13:56]} Kd7 {[%clk 0:49:00]} 35. Re5
{[%clk 0:12:08]} Rxa2 {[%clk 0:48:20]} 36. Rd5 {[%clk 0:12:34]} Ra5 {[%clk
0:47:39]} 37. Rxa5 {[%clk 0:09:02]} bxa5 {[%clk 0:48:01]} 38. c5 {[%clk 0:02:24]}
Nf5+ {[%clk 0:45:26]} 39. Ke5 {[%clk 0:02:50]} Nxh4 {[%clk 0:44:43]} 40. Be4
{[%clk 0:31:31]} a4 {[%clk 1:13:50]} 41. Bd5 {[%clk 0:30:09]} a3 {[%clk 1:13:47]}
42. Kf6 {[%clk 0:30:02]} Nf3 {[%clk 1:13:22]} 43. Bxf7 {[%clk 0:28:38]} Kc6
{[%clk 1:13:43]} 0-1

[Event "European Women's Championship"]
[Site "Vysoke Tatry"]
[Date "2018.04.13"]
[Round "6"]
[White "Kejzar, Petra"]
[Black "Solozhenkina, Elizaveta"]
[Result "0-1"]
[Board "55"]
[WhiteElo "2071"]
[WhiteCountry "SLO"]
[WhiteFideId "14610213"]
[WhiteEloChange "-6"]
[BlackElo "2236"]
[BlackTitle "WIM"]
[BlackCountry "RUS"]
[BlackFideId "34106615"]
[BlackEloChange "6"]

1. c4 {[%clk 1:30:56]} e5 {[%clk 1:30:56]} 2. Nc3 {[%clk 1:31:01]} Nf6 {[%clk
1:31:09]} 3. g3 {[%clk 1:30:52]} d5 {[%clk 1:21:39]} 4. cxd5 {[%clk 1:31:11]}
Nxd5 {[%clk 1:22:06]} 5. Bg2 {[%clk 1:31:30]} Nb6 {[%clk 1:20:27]} 6. Nf3 {[%clk
1:29:36]} Nc6 {[%clk 1:20:49]} 7. a3 {[%clk 1:25:41]} Be6 {[%clk 1:16:08]} 8. d3
{[%clk 1:23:16]} Be7 {[%clk 1:15:07]} 9. O-O {[%clk 1:22:33]} O-O {[%clk
1:15:05]} 10. b4 {[%clk 1:19:10]} f6 {[%clk 1:15:14]} 11. Ne4 {[%clk 1:17:22]}
Qc8 {[%clk 0:59:28]} 12. Bb2 {[%clk 1:13:39]} Rd8 {[%clk 0:59:17]} 13. Nc5 {[%clk
1:10:20]} Bd5 {[%clk 0:55:20]} 14. Rc1 {[%clk 1:01:02]} a5 {[%clk 0:35:07]} 15.
e4 {[%clk 0:58:26]} Bf7 {[%clk 0:34:11]} 16. b5 {[%clk 0:57:48]} Na7 {[%clk
0:24:15]} 17. a4 {[%clk 0:56:04]} Nc4 {[%clk 0:22:12]} 18. Qc2 {[%clk 0:49:12]}
Nxb2 {[%clk 0:20:33]} 19. Qxb2 {[%clk 0:49:39]} b6 {[%clk 0:20:48]} 20. Na6
{[%clk 0:48:41]} c5 {[%clk 0:21:03]} 21. Nh4 {[%clk 0:44:48]} Rxd3 {[%clk
0:16:44]} 22. Nf5 {[%clk 0:45:06]} Bf8 {[%clk 0:13:54]} 23. Qe2 {[%clk 0:43:19]}
Rd8 {[%clk 0:10:28]} 24. Bh3 {[%clk 0:43:08]} Qb7 {[%clk 0:10:32]} 25. f4 {[%clk
0:39:41]} g6 {[%clk 0:10:24]} 26. fxe5 {[%clk 0:37:13]} gxf5 {[%clk 0:08:47]} 27.
exf5 {[%clk 0:33:03]} fxe5 {[%clk 0:06:58]} 28. f6 {[%clk 0:29:24]} Rd4 {[%clk
0:05:34]} 29. Qxe5 {[%clk 0:26:53]} Re8 {[%clk 0:05:06]} 30. Qg5+ {[%clk
0:24:33]} Kh8 {[%clk 0:05:35]} 31. Rce1 {[%clk 0:21:32]} Rxe1 {[%clk 0:04:33]}
32. Rxe1 {[%clk 0:22:00]} Qd5 {[%clk 0:04:04]} 33. Qxd5 {[%clk 0:19:41]} Rxd5
{[%clk 0:04:02]} 34. Nc7 {[%clk 0:17:53]} Rd6 {[%clk 0:03:44]} 35. Ne6 {[%clk
0:14:01]} Bh6 {[%clk 0:02:16]} 36. Bf5 {[%clk 0:14:26]} Bd2 {[%clk 0:01:57]} 37.
Re4 {[%clk 0:14:27]} Bc3 {[%clk 0:01:54]} 38. Ng5 {[%clk 0:12:17]} Rxf6 {[%clk
0:01:38]} 39. g4 {[%clk 0:12:31]} h6 {[%clk 0:01:02]} 40. Nf3 {[%clk 0:42:07]}
Bd5 {[%clk 0:31:01]} 41. Re8+ {[%clk 0:41:23]} Kg7 {[%clk 0:29:39]} 42. Nh4
{[%clk 0:39:10]} Rf8 {[%clk 0:25:03]} 43. Re7+ {[%clk 0:39:04]} Rf7 {[%clk
0:25:30]} 44. Re8 {[%clk 0:39:21]} Bd4+ {[%clk 0:23:42]} 45. Kf1 {[%clk 0:39:45]}
Bb3 {[%clk 0:23:51]} 46. Ng6 {[%clk 0:39:27]} Bxa4 {[%clk 0:23:17]} 47. Ke1
{[%clk 0:39:23]} Bxb5 {[%clk 0:20:15]} 48. Ra8 {[%clk 0:39:34]} Bc6 {[%clk
0:18:57]} 49. Rb8 {[%clk 0:39:44]} Rb7 {[%clk 0:18:16]} 50. Rd8 {[%clk 0:39:39]}
Bf6 {[%clk 0:18:16]} 0-1

[Event "European Women's Championship"]
[Site "Vysoke Tatry"]
[Date "2018.04.13"]
[Round "6"]
[White "Rodshtein, Tereza"]
[Black "Okuyaz, Duru"]
[Result "1-0"]
[Board "56"]
[WhiteElo "2226"]
[WhiteTitle "WGM"]
[WhiteCountry "CZE"]
[WhiteFideId "325449"]
[WhiteEloChange "7"]
[BlackElo "2122"]
[BlackTitle "WFM"]
[BlackCountry "TUR"]
[BlackFideId "6346022"]
[BlackEloChange "-7"]

1. d4 {[%clk 1:30:43]} d5 {[%clk 1:30:53]} 2. Bf4 {[%clk 1:30:50]} c5 {[%clk
1:31:10]} 3. e3 {[%clk 1:30:28]} cxd4 {[%clk 1:31:33]} 4. exd4 {[%clk 1:30:50]}
Nc6 {[%clk 1:31:53]} 5. c3 {[%clk 1:31:12]} Bf5 {[%clk 1:31:56]} 6. Nd2 {[%clk
1:29:35]} e6 {[%clk 1:31:33]} 7. Ngf3 {[%clk 1:29:38]} Bd6 {[%clk 1:31:03]} 8.
Bg3 {[%clk 1:29:16]} Nge7 {[%clk 1:30:53]} 9. Nh4 {[%clk 1:25:50]} Bg6 {[%clk
1:28:20]} 10. Nxg6 {[%clk 1:20:24]} hxg6 {[%clk 1:25:15]} 11. Bxd6 {[%clk
1:15:40]} Qxd6 {[%clk 1:25:38]} 12. Nf3 {[%clk 1:14:54]} a6 {[%clk 1:13:03]} 13.
Be2 {[%clk 1:03:49]} Nf5 {[%clk 1:11:39]} 14. Qd2 {[%clk 1:00:22]} b5 {[%clk
1:10:35]} 15. h3 {[%clk 0:51:29]} b4 {[%clk 1:07:42]} 16. Rc1 {[%clk 0:50:27]}
bxc3 {[%clk 1:04:05]} 17. Qxc3 {[%clk 0:50:38]} Nfe7 {[%clk 1:04:22]} 18. O-O
{[%clk 0:50:13]} O-O {[%clk 1:04:41]} 19. Qc5 {[%clk 0:43:28]} Qf4 {[%clk
1:02:08]} 20. b4 {[%clk 0:43:20]} Rfc8 {[%clk 1:01:45]} 21. a4 {[%clk 0:33:00]}
Ne5 {[%clk 0:57:42]} 22. g3 {[%clk 0:23:29]} Nxf3+ {[%clk 0:57:01]} 23. Bxf3
{[%clk 0:23:58]} Qh6 {[%clk 0:52:46]} 24. Qxe7 {[%clk 0:23:47]} Rxc1 {[%clk
0:52:59]} 25. Be2 {[%clk 0:22:57]} Rc2 {[%clk 0:46:12]} 26. Qb7 {[%clk 0:21:40]}
Rac8 {[%clk 0:44:20]} 27. Bxa6 {[%clk 0:20:38]} Qd2 {[%clk 0:38:20]} 28. b5
{[%clk 0:18:50]} R8c3 {[%clk 0:33:48]} 29. Qb8+ {[%clk 0:18:05]} Kh7 {[%clk
0:34:05]} 30. Qf4 {[%clk 0:12:23]} Qxf4 {[%clk 0:34:09]} 31. gxf4 {[%clk
0:12:52]} Rb3 {[%clk 0:34:02]} 32. Ra1 {[%clk 0:12:39]} Rbb2 {[%clk 0:33:49]} 33.
a5 {[%clk 0:12:28]} Ra2 {[%clk 0:22:57]} 34. Rb1 {[%clk 0:11:15]} Rxf2 {[%clk
0:07:43]} 35. b6 {[%clk 0:11:21]} Rg2+ {[%clk 0:08:06]} 36. Kf1 {[%clk 0:10:45]}
Rh2 {[%clk 0:08:09]} 37. Ke1 {[%clk 0:09:18]} Rxa5 {[%clk 0:06:10]} 38. Bf1
{[%clk 0:03:04]} Raa2 {[%clk 0:05:34]} 39. b7 {[%clk 0:02:53]} Rhb2 {[%clk
0:05:41]} 40. b8Q {[%clk 0:33:09]} Rxb8 {[%clk 0:36:07]} 41. Rxb8 {[%clk
0:33:35]} Ra4 {[%clk 0:35:45]} 42. Rb7 {[%clk 0:31:59]} f6 {[%clk 0:35:24]} 43.
Kf2 {[%clk 0:25:03]} Rxd4 {[%clk 0:35:45]} 44. Ke3 {[%clk 0:25:26]} Re4+ {[%clk
0:36:08]} 45. Kf3 {[%clk 0:25:55]} e5 {[%clk 0:35:43]} 46. fxe5 {[%clk 0:26:19]}
fxe5 {[%clk 0:36:07]} 47. Rd7 {[%clk 0:24:21]} Rf4+ {[%clk 0:36:12]} 48. Kg2
{[%clk 0:24:49]} Rd4 {[%clk 0:36:04]} 49. Re7 {[%clk 0:23:44]} e4 {[%clk
0:33:55]} 50. Kf2 {[%clk 0:23:07]} Rd1 {[%clk 0:33:54]} 51. Be2 {[%clk 0:23:17]}
Rd2 {[%clk 0:33:25]} 52. Ke3 {[%clk 0:22:58]} Ra2 {[%clk 0:33:21]} 53. Bg4 {[%clk
0:22:56]} Ra3+ {[%clk 0:32:30]} 54. Kf4 {[%clk 0:21:59]} e3 {[%clk 0:32:13]} 55.
Be2 {[%clk 0:12:46]} Ra4+ {[%clk 0:31:42]} 56. Kf3 {[%clk 0:12:01]} Rh4 {[%clk
0:29:47]} 57. Bf1 {[%clk 0:10:45]} Re4 {[%clk 0:29:36]} 58. Rd7 {[%clk 0:10:57]}
Re6 {[%clk 0:19:39]} 59. Be2 {[%clk 0:09:59]} Kh6 {[%clk 0:15:39]} 60. Rxd5
{[%clk 0:10:16]} Rf6+ {[%clk 0:13:45]} 61. Kxe3 {[%clk 0:10:30]} Rf5 {[%clk
0:13:49]} 62. Rd4 {[%clk 0:09:42]} Re5+ {[%clk 0:11:11]} 63. Kf2 {[%clk 0:09:15]}
Rf5+ {[%clk 0:11:29]} 64. Kg3 {[%clk 0:09:26]} Rg5+ {[%clk 0:10:39]} 65. Bg4
{[%clk 0:09:54]} Rb5 {[%clk 0:10:30]} 66. Rd8 {[%clk 0:10:13]} Kh7 {[%clk
0:08:07]} 67. Bf3 {[%clk 0:10:23]} Rg5+ {[%clk 0:06:46]} 68. Kf4 {[%clk 0:10:32]}
Rf5+ {[%clk 0:06:53]} 69. Kg4 {[%clk 0:10:53]} Re5 {[%clk 0:06:58]} 70. Bd1
{[%clk 0:08:25]} Re4+ {[%clk 0:07:02]} 71. Kf3 {[%clk 0:08:42]} Rh4 {[%clk
0:07:10]} 72. Kg3 {[%clk 0:09:01]} Rc4 {[%clk 0:06:57]} 73. Be2 {[%clk 0:09:20]}
Rc5 {[%clk 0:04:57]} 74. Bd3 {[%clk 0:09:33]} Rg5+ {[%clk 0:04:14]} 75. Kf4
{[%clk 0:09:36]} Ra5 {[%clk 0:03:19]} 76. h4 {[%clk 0:07:24]} Rh5 {[%clk
0:03:26]} 77. Kg4 {[%clk 0:07:14]} Rg5+ {[%clk 0:03:50]} 78. Kh3 {[%clk 0:07:51]}
Rc5 {[%clk 0:02:29]} 79. Rd6 {[%clk 0:08:08]} Kh8 {[%clk 0:01:43]} 80. Bxg6
{[%clk 0:08:12]} Rc8 {[%clk 0:01:46]} 81. Kg4 {[%clk 0:07:09]} Rf8 {[%clk
0:01:27]} 82. Kg5 {[%clk 0:06:43]} Rc8 {[%clk 0:01:21]} 83. Bf5 {[%clk 0:06:49]}
Re8 {[%clk 0:00:46]} 84. Rd7 {[%clk 0:06:35]} Rb8 {[%clk 0:01:03]} 85. Re7 {[%clk
0:06:50]} Rd8 {[%clk 0:00:48]} 86. Kg6 {[%clk 0:07:02]} Rf8 {[%clk 0:01:09]} 87.
h5 {[%clk 0:05:50]} Rf6+ {[%clk 0:01:06]} 88. Kg5 {[%clk 0:06:18]} Rf8 {[%clk
0:00:37]} 89. Be6 {[%clk 0:06:16]} Rf6 {[%clk 0:00:33]} 90. Re8+ {[%clk 0:05:54]}
Kh7 {[%clk 0:00:59]} 91. Bf5+ {[%clk 0:06:16]} g6 {[%clk 0:01:25]} 92. Kxf6
{[%clk 0:06:34]} 1-0